Central Library and Information Centre
Sibsagar Girls' College, Sivasagar : Assam

GEOGRAPHIC INFORMATION SYSTEM (Record no. 13543)

MARC details
000 -LEADER
fixed length control field 00448cam a2200181ua 4500
008 - FIXED-LENGTH DATA ELEMENTS--GENERAL INFORMATION
fixed length control field 141208n1996 II |||gr||||Z||||||eng
040 ## - CATALOGING SOURCE
Original cataloging agency MAIN
041 ## - LANGUAGE CODE
-- English
082 ## - DEWEY DECIMAL CLASSIFICATION NUMBER
Classification number 910.15342 RAO
100 ## - MAIN ENTRY--PERSONAL NAME
Personal name RAO, R. RAM MOHAN.
245 ## - TITLE STATEMENT
Title GEOGRAPHIC INFORMATION SYSTEM
260 ## - PUBLICATION, DISTRIBUTION, ETC.
Place of publication, distribution, etc. NEW DELHI
Name of publisher, distributor, etc. S.CHAND & COMPANY
Date of publication, distribution, etc. 1996
300 ## - PHYSICAL DESCRIPTION
Extent 944:
Dimensions 25CM.
700 ## - ADDED ENTRY--PERSONAL NAME
Personal name SHARIEFF, AFZAL.
942 ## - ADDED ENTRY ELEMENTS (KOHA)
Koha item type Books
653 ## - INDEX TERM--UNCONTROLLED
Uncontrolled term Geographical Thought
Holdings
Withdrawn status Lost status Damaged status Not for loan Collection code Home library Current library Shelving location Date acquired Full call number Barcode Date last seen Copy number Price effective from Koha item type Public note
        TBGEO Central Library and Information Centre Sibsagar Girls College Central Library and Information Centre Sibsagar Girls College GEOGRAPHY BOOK RACK 23.07.2003 910.15342 RAO 18706 27.02.2020 1 27.02.2020 Books V


Sibsagar Girl's College © 2020. All rights reserved.
Powered by Koha.
Maintained by Abhijit Borpuzari.